[Event "Bikaner op 1st"]
[Site "Bikaner"]
[Date "2022.10.03"]
[Round "4"]
[White "Abhyudaya, Rajpurohit"]
[Black "Aryan, Arora2222"]
[Result "1/2-1/2"]
[WhiteElo "2065"]
[BlackElo "1750"]
[PlyCount "60"]
[EventDate "2022.10.01"]
[EventType "swiss"]
[EventRounds "10"]
[EventCountry "IND"]
[SourceTitle "CBM 210 Extra"]
[Source "ChessBase"]
[SourceDate "2022.11.30"]
[SourceVersion "1"]
[SourceVersionDate "2022.11.30"]
[SourceQuality "1"]

1. e4 e5 2. Nf3 Nc6 3. Bc4 Bc5 4. 0-0 Nf6 5. c3 Nxe4 6. Qe2 d5 7. Bb5 0-0 8. d3 Nf6 9. Bxc6 bxc6 10. Nxe5 Re8 11. d4 Bd6 12. Bg5 h6 13. Bh4 c5 14. f4 Rb8 15. Qf2 Ne4 16. Qe1 Nf6 17. Qg3 Bxe5 18. fxe5 Ne4 19. Qf4 Qd7 20. Nd2 Rxb2 21. Nxe4 dxe4 22. Rad1 Bb7 23. d5 e3 24. Qxe3 Bxd5 25. Rf2 Rxf2 26. Qxf2 Qc6 27. Qg3 Be4 28. h3 g5 29. Qg4 Rxe5 30. Bg3 Rd5 1/2-1/2

[Event "Dubai op 22nd"]
[Site "Dubai"]
[Date "2022.08.29"]
[Round "3"]
[White "Abhyudaya, Rajpurohit"]
[Black "Laxman, Rajaram"]
[Result "1/2-1/2"]
[WhiteElo "2078"]
[BlackElo "2381"]
[PlyCount "65"]
[EventDate "2022.08.27"]
[EventType "swiss"]
[EventRounds "9"]
[EventCountry "UAE"]
[SourceTitle "CBM 210 Extra"]
[Source "ChessBase"]
[SourceDate "2022.11.30"]
[SourceVersion "1"]
[SourceVersionDate "2022.11.30"]
[SourceQuality "1"]

1. e4 e5 2. Nf3 Nc6 3. Bc4 Bc5 4. c3 Nf6 5. d3 d6 6. 0-0 0-0 7. a4 a5 8. h3 h6 9. Re1 Be6 10. Nbd2 Re8 11. Bb5 Bd7 12. Nf1 Ne7 13. Bc4 Be6 14. Bxe6 fxe6 15. d4 exd4 16. cxd4 Bb4 17. Bd2 Nc6 18. Ng3 Bxd2 19. Qxd2 Qd7 20. Rac1 Nb4 21. Rc3 Rac8 22. b3 b6 23. Nh4 c5 24. Rd1 Qe7 25. Nf3 Red8 26. Re3 Nh7 27. d5 Nf6 28. Nh4 Nh7 29. Nf3 Nf6 30. Nh4 Ne8 31. Nf3 Nf6 32. Nh4 Nh7 33. dxe6 1/2-1/2

[Event "New Delhi Parsvnath op 4th"]
[Site "New Delhi"]
[Date "2006.01.16"]
[Round "3"]
[White "Sachdev, Tania"]
[Black "Abhyudaya, Rajpurohit"]
[Result "1/2-1/2"]
[WhiteElo "2375"]
[BlackElo "2065"]
[PlyCount "90"]
[EventDate "2006.01.15"]
[EventType "swiss"]
[EventRounds "10"]
[EventCountry "IND"]
[SourceTitle "CBM 110 Extra"]
[Source "ChessBase"]
[SourceDate "2006.03.10"]
[SourceVersion "2"]
[SourceVersionDate "2006.03.10"]
[SourceQuality "1"]

1. d4 Nf6 2. c4 g6 3. Nf3 Bg7 4. g3 d5 5. cxd5 Nxd5 6. Bg2 Nb6 7. Nc3 Nc6 8. e3 e5 9. d5 Nb4 10. e4 c6 11. a3 Na6 12. 0-0 0-0 13. Be3 cxd5 14. Bxb6 Qxb6 15. Nxd5 Qd6 16. Qe2 Nc7 17. Rfd1 Nxd5 18. Rxd5 Qe7 19. Qe3 Be6 20. Rd2 Rfd8 21. Rad1 Bg4 22. h3 Bxf3 23. Bxf3 b6 24. Rd5 Bf6 25. Be2 Bg5 26. Qc3 Bf6 27. Ba6 Rxd5 28. exd5 Rd8 29. Qc6 Qd6 30. Rc1 e4 31. Qxd6 Rxd6 32. Rc6 Be5 33. Bc4 Kf8 34. b4 Rxc6 35. dxc6 Ke7 36. Kf1 f6 37. b5 f5 38. Ke2 g5 39. g4 Kf6 40. Bg8 h6 41. Bh7 f4 42. Bxe4 Bd6 43. Kd3 Ke5 44. a4 Bc7 45. f3 Bd6 1/2-1/2

[Event "Asia-ch U20"]
[Site "Bikaner"]
[Date "2004.12.22"]
[Round "1"]
[White "Nguyen, Van Huy"]
[Black "Abhyudaya, Rajpurohit"]
[Result "1-0"]
[WhiteElo "2325"]
[BlackElo "2017"]
[PlyCount "53"]
[EventDate "2004.12.22"]
[EventType "swiss"]
[EventRounds "11"]
[EventCountry "IND"]
[SourceTitle "CBM 104 Extra"]
[Source "ChessBase"]
[SourceDate "2005.03.01"]
[SourceVersion "1"]
[SourceVersionDate "2005.03.01"]
[SourceQuality "1"]

1. e4 e5 2. Nf3 Nf6 3. d4 Nxe4 4. Bd3 d5 5. Nxe5 Nd7 6. Nxd7 Bxd7 7. 0-0 Bd6 8. c4 c6 9. Nc3 Nxc3 10. bxc3 0-0 11. cxd5 cxd5 12. Qh5 g6 13. Qxd5 Qc7 14. c4 Bxh2+ 15. Kh1 Bd6 16. c5 Be7 17. Qf3 Be6 18. d5 Qe5 19. dxe6 Qxa1 20. exf7+ Kh8 21. Qxb7 Bf6 22. Bh6 Qd4 23. Bxf8 Rxf8 24. Be4 Qc4 25. Kg1 Qxf7 26. c6 Be5 27. Qxf7 1-0